000 00458cam a2200193ua 4500
041 _aeng
_h
082 _a823.308
_bDIC/DA
100 _aDickens, Charles .
245 _aDavid Copperfield /
_cCharles Dickens.
_hTextual Documents
260 _aLondon :
_bBlackie & Son Ltd.
300 _a122 ; .
504 _a
942 _cBK
999 _c2527
_d2527